|
|
|
|
| LEADER |
00000nab a2200000 a 4500 |
| 001 |
vtls000193824 |
| 003 |
SK-MaSNL |
| 005 |
20260302205734.0 |
| 008 |
140328c1984 xo 0 slo |
| 015 |
|
|
|a SNBRB19rr/mm-uuuuu
|
| 035 |
|
|
|a CL0203937
|
| 040 |
|
|
|a SNKBUCL
|b slo
|c SNKBUCL
|e AACR2
|
| 041 |
0 |
|
|a slo
|
| 044 |
|
|
|a xo
|c SK
|
| 080 |
|
|
|a 684.4.05-1/-9
|2 1981
|
| 100 |
1 |
|
|a Kisler, Štefan
|4 aut
|9 920976
|
| 245 |
1 |
0 |
|a Olepovačka hrán vnútorných výrezov nábytkových dielcov
|c Štefan Kisler
|
| 300 |
|
|
|b Obr. 3.
|
| 650 |
0 |
7 |
|a stroje nábytkárske
|2 snkbucl
|9 576387
|
| 650 |
0 |
7 |
|a olepovačka hrán vnútorných výrezov nábytkových dielcov
|2 snkbucl
|9 931963
|
| 650 |
0 |
7 |
|a zlepšovacie návrhy
|2 snkbucl
|9 51995
|
| 655 |
|
7 |
|a články z novín a časopisov
|2 snkbucl
|9 267496
|
| 773 |
0 |
|
|t Drevo
|g Roč. 39, č. 8 (1984), s. 248
|
| 850 |
|
|
|a Slovenská národná knižnica v Martine
|a MTA001
|
| 852 |
|
|
|a SNK
|b KIS3GCP
|
| 958 |
|
|
|a RK
|
| 992 |
|
|
|a RBX
|
| 999 |
|
|
|c 1479113
|d 1481043
|